| 000 | 00515nam a22001937a 4500 | ||
|---|---|---|---|
| 003 | NUST - PNEC | ||
| 005 | 20170116180813.0 | ||
| 008 | 150513b xxu||||| |||| 00| 0 eng d | ||
| 020 | _a- | ||
| 040 | _cLIBRARY | ||
| 082 | _a355.9549 GHQ | ||
| 100 |
_93534 _aGHQ |
||
| 245 |
_aPakistan Army green book : year of the senior field commanders 1992 _cGHQ |
||
| 250 | _a- | ||
| 260 |
_aRawalpindi _bGeneral Headquarters _cc1992. |
||
| 300 | _a278 p. : | ||
| 650 |
_93535 _aPakistan, Army _xGeneral |
||
| 942 |
_2ddc _cBK |
||
| 999 |
_c63453 _d63453 |
||